عرض عادي عرض مارك
  • EGOV 2010

مدخل إسم مؤتمر

عدد التسجيلات المستخدمة في: 1

001 - رقم الضبط

  • حقل الضبط: 39790

003 - معرف رقم الضبط

  • حقل الضبط: OSt

005 - تاريخ ووقت أخر عملية

  • حقل الضبط: 20131114200422.0

008 - عناصر بيانات ثابتة الطول

  • حقل تحكم ثابت الطول: 131114|||a|||||| | ||| d

040 ## - مصدر الفهرسة

  • هيئة الفهرسة الأصلية: OSt
  • وكالة الكتابة: OSt

111 ## - مدخل -- اسم مؤتمر

  • اسم الملتقي او اسم السلطه كعنصر مدخل: EGOV 2010
  • تاريخ المؤتمر: (2010 :
  • مكان الملتقي: Lausanne, Switzerland)

670 ## - بيانات المصدر موجوده

  • الاستشهاد بالمصدر: Work cat.: (OSt)0: EGOV 2010 (2010 : Lausanne, Switzerland), Electronic government :, 2010.